| 000 | 01315cam a22003497a 4500 | ||
|---|---|---|---|
| 003 | CHAP | ||
| 005 | 20220817043234.0 | ||
| 008 | 971013s1988 r 00010 d | ||
| 010 | _a69292 | ||
| 011 | _a70264 | ||
| 035 | _a79745 | ||
| 040 | _cCHAP | ||
| 090 | _aFolleto 12369 | ||
| 100 | 0 | 0 |
_aKaminsky, Mario. _962653 |
| 245 | 1 | 4 |
_aLas agriculturas de los países de América Latina y El Caribe en la crisis actual _b: condiciones, desempeños y funciones |
| 260 |
_aSan José, C. R. : _bInstituto Interamericano de Cooperación para la Agricultura, _c1988 |
||
| 300 | _a64 p. | ||
| 490 | 0 |
_aDocumentos de programas _v; 6 |
|
| 590 |
_aBATCH-UPD _b10 _c20130110 _lUCH01 _h0712 |
||
| 590 |
_aBATCH-UPD _b10 _c20130111 _lUCH01 _h0003 |
||
| 590 |
_aBATCH-UPD _b10 _c20130410 _lUCH01 _h0357 |
||
| 590 |
_aBATCH-UPD _b10 _c20130914 _lUCH01 _h1216 |
||
| 590 |
_aCONVERSION _b10 _c20130109 _lUCH01 _h1338 |
||
| 650 | 1 | 4 |
_aAgricultura _xAspectos economicos _xAmerica Latina. _91202 |
| 650 | 1 | 4 |
_aAmerica Latina _xCondiciones economicas. _95390 |
| 650 | 1 | 4 |
_aPolítica agrícola _zAmérica Latina. _990380 |
| 710 | 0 | _aInstituto Interamericano de Cooperación para la Agricultura. | |
| 830 | 0 |
_aDocumentos de programas _v; 6 _933267 |
|
| 901 | _aBK | ||
| 942 | _cFOLL | ||
| 949 |
_aFolleto 12369 _bBC _cFOLL _d-32634 _eTS1 _i79745 _si |
||
| 999 |
_c69292 _d69292 |
||